000 00205 a2200097 4500
020 _a9789501181241
041 _aspa
100 _aEditorial Sigmar
245 _aClasicos de Aventuras Juveniles
942 _cBK
999 _c28028
_d28028